| 000 | 00377nam a2200169Ia 4500 | ||
|---|---|---|---|
| 005 | 20250423101532.0 | ||
| 008 | 250422s9999 xx 000 0 und d | ||
| 020 | _a9783042068 | ||
| 050 | _aPR 9387.9 .N96/ | ||
| 100 | _aNwoye, May-Ifeoma | ||
| 245 | 0 | _aTides of life | |
| 260 | _aLagos | ||
| 260 | _bUTO Publications | ||
| 260 | _c2011 | ||
| 300 | _a105 p | ||
| 942 | _cBK | ||
| 999 |
_c36573 _d36573 |
||